Kierowcy F2 2025 - Statystyki

Ogólne statystyki
  • Ten quiz został rozwiązany 8 razy
  • Średni wynik to 14 z 22
Statystyki odpowiedzi
Zespół Kraj Kierowca % Poprawnych
Campos Racing 🇪🇸 Marti
100%
Invicta Racing 🇨🇿 Stanek
100%
Hitech TGR 🇸🇪 Beganovic
80%
DAMS Lucas Oil 🇺🇸 Crawford
80%
Rodin Motorsport 🇮🇪 Dunne
80%
Invicta Racing 🇮🇹 Fornaroli
80%
MP Motorsport 🇩🇪 Goethe
80%
DAMS Lucas Oil 🇮🇳 Maini
80%
ART Grand Prix 🇫🇷 Martins
80%
Prema Racing 🇨🇴 Montoya
80%
MP Motorsport 🇳🇱 Verschoor
80%
Rodin Motorsport 🇧🇪 Cordeel
60%
AIX Grand Prix 🇵🇾 Durksen
60%
Prema Racing 🇮🇹 Mini
60%
ART Grand Prix 🇯🇵 Miyata
60%
Hitech TGR 🇬🇧 Browning
40%
Campos Racing 🇬🇧 Lindblad
40%
AIX Grand Prix 🇬🇧 Shields
40%
Van Amersfoort Racing 🇲🇽 Villagomez
40%
Van Amersfoort Racing 🇬🇧 Bennett
20%
Trident 🇺🇸 Esterson
20%
Trident 🇫🇷 Meguetonif
20%
Nie znaleziono quizów pasujących do podanych kryteriów
Rozkład punktacji
Procent ludzi z każdym wynikiem
Percentyl według liczby udzielonych odpowiedzi
Twoja historia wyników
Nie rozwiązałeś tego quizu